All Teams to Play in Copa Sudamericana - Statistics

General Stats
  • This quiz has been taken 38 times
  • The average score is 121 of 233
Answer Stats
Country Team % Correct
Argentina Boca Juniors
97%
Argentina | Paraguay | Uruguay River Plate
97%
Brazil Flamengo
93%
Brazil Cruzeiro
90%
Brazil Fluminense
90%
Argentina | Paraguay Independiente
90%
Mexico América MX
87%
Brazil Atlético Mineiro
87%
Chile Colo-Colo
87%
Brazil Grêmio
87%
Argentina San Lorenzo
87%
Brazil Santos
87%
Brazil São Paulo
87%
Brazil Athletico Paranaense
83%
Brazil Chapecoense
83%
Brazil Internacional
83%
Argentina Lanús
83%
Brazil Palmeiras
83%
Argentina | Uruguay Racing
83%
Brazil Sport
83%
Chile Universidad de Chile
83%
Argentina Arsenal
80%
Brazil Botafogo
80%
Brazil Corinthians
80%
Argentina Estudiantes
80%
Brazil Fortaleza
80%
Paraguay | Uruguay Nacional
80%
Brazil Vasco
80%
Colombia Atlético Nacional
77%
Brazil Bahia
77%
Ecuador Barcelona
77%
Bolivia Bolívar
77%
Chile Cobresal
77%
Argentina Rosario Central
77%
Argentina Unión
77%
Chile | Ecuador Universidad Católica
77%
Chile Cobreloa
73%
Argentina Colón
73%
Argentina Defensa y Justicia
73%
Brazil Goiás
73%
Paraguay Guaraní
73%
Argentina Huracán
73%
Ecuador LDU Quito
73%
Brazil Náutico
73%
Argentina Newell's Old Boys
73%
Paraguay Olimpia
73%
Mexico Pachuca
73%
Brazil Paraná
73%
Colombia Santa Fe
73%
Peru Universitario
73%
Brazil Ceará
70%
Paraguay Libertad
70%
Colombia Millonarios
70%
Uruguay Peñarol
70%
Bolivia San José
70%
Bolivia The Strongest
70%
Argentina Tigre
70%
Argentina Vélez Sarsfield
70%
Brazil Vitória
70%
Brazil América Mineiro
67%
Brazil Avaí
67%
Uruguay Cerro
67%
Brazil Coritiba
67%
Brazil Criciúma
67%
Brazil Figueirense
67%
Argentina Gimnasia y Esgrima
67%
Chile Huachipato
67%
Brazil Ponte Preta
67%
Argentina Talleres
67%
Colombia América de Cali
63%
Argentina Argentinos Juniors
63%
Brazil Atlético Goianiense
63%
Bolivia Blooming
63%
Brazil Bragantino
63%
Paraguay Cerro Porteño
63%
Brazil Cuiabá
63%
Colombia Deportivo Cali
63%
Ecuador Emelec
63%
Ecuador Independiente del Valle
63%
Colombia Independiente Medellín
63%
Uruguay Juventud
63%
Chile Palestino
63%
Chile Audax Italiano
60%
Argentina Banfield
60%
Venezuela Caracas
60%
Ecuador El Nacional
60%
Argentina Godoy Cruz
60%
Mexico Guadalajara
60%
Argentina Quilmes
60%
Brazil Santa Cruz
60%
Peru Sporting Cristal
60%
Chile Unión Española
60%
Colombia Alianza
57%
Uruguay Boston River
57%
Peru Cienciano
57%
Colombia Deportes Tolima
57%
Venezuela Deportivo Táchira
57%
Colombia Junior
57%
Uruguay Montevideo Wanderers
57%
Paraguay Sol de América
57%
Argentina Atlético Tucumán
53%
Argentina Belgrano
53%
Uruguay Danubio
53%
Bolivia Jorge Wilstermann
53%
Brazil Juventude
53%
Colombia Once Caldas
53%
Bolivia Oriente Petrolero
53%
Chile Santiago Wanderers
53%
Paraguay Sportivo Luqueño
53%
Mexico Toluca
53%
Chile Unión La Calera
53%
Bolivia Always Ready
50%
Chile Deportes Iquique
50%
Ecuador Deportivo Quito
50%
Chile Everton
50%
Venezuela Monagas
50%
Chile O'Higgins
50%
Bolivia Real Potosí
50%
Brazil São Caetano
50%
Venezuela Zamora
50%
Ecuador Aucas
47%
Bolivia Aurora
47%
Uruguay Cerro Largo
47%
Uruguay Defensor Sporting
47%
Ecuador Delfín
47%
Ecuador Deportivo Cuenca
47%
Venezuela Deportivo Lara
47%
Brazil Joinville
47%
Uruguay Liverpool
47%
Chile Magallanes
47%
Chile Ñublense
47%
Brazil Portuguesa
47%
Mexico UNAM
47%
Colombia Águilas Doradas
43%
Peru Alianza Lima
43%
Brazil Brasília
43%
Venezuela Carabobo
43%
Peru Cusco
43%
Colombia Deportivo Pasto
43%
Uruguay Fénix
43%
Peru Juan Aurich
43%
Peru Melgar
43%
Ecuador Mushuc Runa
43%
Mexico San Luis
43%
Costa Rica Alajuelense
40%
Chile Coquimbo Unido
40%
Venezuela Deportivo Anzoátegui
40%
Brazil Grêmio Prudente
40%
Colombia La Equidad
40%
Venezuela Metropolitanos
40%
Bolivia Nacional Potosí
40%
Argentina Patronato
40%
Paraguay Tacuary
40%
Chile Universidad de Concepción
40%
United States DC United
37%
Paraguay Deportivo Capiatá
37%
Venezuela Estudiantes de Mérida
37%
Colombia Jaguares
37%
Bolivia La Paz
37%
Ecuador LDU Loja
37%
Ecuador Macará
37%
Venezuela Trujillanos
37%
Peru Universidad César Vallejo
37%
Bolivia Universitario de Sucre
37%
Peru UTC
37%
Venezuela Zulia
37%
Peru Ayacucho
33%
Peru Binacional
33%
Peru Coronel Bolognesi
33%
Bolivia Guabirá
33%
Venezuela Maracaibo
33%
Uruguay Plaza Colonia
33%
Peru Sport Boys
33%
Uruguay Bella Vista
30%
Chile Deportes Temuco
30%
Paraguay General Caballero
30%
Venezuela Mineros de Guayana
30%
Ecuador Olmedo
30%
Paraguay 12 de Octubre
27%
Venezuela Academia Puerto Cabello
27%
Venezuela Deportivo La Guaira
27%
Peru Deportivo Municipal
27%
Colombia Envigado
27%
Uruguay Montevideo City Torque
27%
Colombia Patriotas
27%
Bolivia Petrolero
27%
Uruguay Rentistas
27%
Bolivia Royal Pari
27%
Peru Sport Huancayo
27%
Paraguay Sportivo Ameliano
27%
Ecuador Técnico Universitario
27%
Chile Unión San Felipe
27%
Bolivia Universitario de Vinto
27%
Peru Alianza Atlético
23%
Venezuela Aragua
23%
Peru Atlético Grau
23%
Venezuela Atlético Venezuela
23%
Chile Deportes Antofagasta
23%
Peru Deportivo Garcilaso
23%
Uruguay El Tanque Sisley
23%
Peru León de Huánuco
23%
Honduras Motagua
23%
Peru Unión Comercio
23%
Peru Universidad San Martín
23%
Peru ADT
20%
Colombia Atlético Huila
20%
Peru Comerciantes Unidos
20%
Paraguay Deportivo Santaní
20%
Ecuador Fuerza Amarilla
20%
Paraguay Guaireña
20%
Ecuador Guayaquil City
20%
Uruguay Rampla Juniors
20%
Bolivia Real Tomayapo
20%
Venezuela Yaracuyanos
20%
Bolivia Atlético Palmaflor
17%
Uruguay Central Español
17%
Paraguay General Díaz
17%
Venezuela Llaneros
17%
Chile Provincial Osorno
17%
Peru Sport Ancash
17%
Peru Sport Rosario
17%
Venezuela Estudiantes de Caracas
13%
Paraguay Sportivo Trinidense
13%
Peru Carlos A. Manucci
10%
Venezuela Hermanos Colmenarez
10%
Venezuela Rayo Zuliano
10%
Venezuela Deportivo Italchacao
3%
No matching quizzes found
Score Distribution
Percent of People with Each Score
Percentile by Number Answered
Your Score History
You have not taken this quiz